000 00552nam a2200193Ia 4500
003 LDD
008 181101s9999 xx 000 0 und d
020 _a9789382775034
_c180.00
040 _cLDD
100 _aHasan, Anwar ul
245 0 _aTehreeren taqreeren baten aur mulaqaten
_cAnwar ul Hasan
260 _aDelhi
_bDilli Kitab Ghar
_c2013
300 _a384p.
440 _aHabib Tanveer series
901 _a15921
_b17-03-2017
902 _a2841
_b17-03-2017
_cF
_dPIBD
_e8U
903 _a20
_bReqst by : Mohd. Akbar
942 _2ddc
_cUR
999 _c323
_d323